000
00207nam a22000857a 4500
008
161124b xxu||||| |||| 00| 0 eng d
100
_9
1349
_a
Clutterbuck.P.
245
_a
Grammar Practics
260
_a
USA
_b
TCR
_c
2011
999
_c
4063
_d
4063